LEADER 01634nam a2200325 a 4500 001 000000153014 003 CaOOAMICUS 005 20160719121418.0 008 160719s2016 it u000 u ita r 020 $a978-88-916-1701-9* 032 $aLibriCat 040 $aPUL$bita 082 04$a344.4506 100 1 $aMassari, Alessandro.$0(OLS)http://pul/name/97442 245 10$aGuida al nuovo codice dei contratti pubblici :$ble novitą del D.Lgs. 18 aprile 2016, n. 50 per i settori ordinari /$cAlessandro Massari. 260 $aSantarcangelo di Romagna :$bMaggioli,$c©2016. 300 $a695 p. ;$c24 cm. 490 1 $aAppalti&contratti ;$v55 500 $aSul front.: In appendice Testo del Codice dei contratti pubblici. Testo del Regolamento nelle parti in vigore nel periodo transitorio. Tabella di corrispondenza nuova/vecchia disciplina. 504 $aBibliografia in nota. 650 4$aContratti pubblici$zItalia.$0(OLS)http://pul/subject/34215 830 0$aAppalti&contratti ;$v55.$0(OLS)http://pul/title/192453 850 $aPUL 852 $aPUL$W1$xSL Diritto e Scienze Sociali 3$y79$m344. 4506 MASAL 1$j176218$qDDC 21$B178569$CPULBib$Z2$F178569 $H127996 $81 941 1 $a9 996 $6020$a978-88-916-1701-9*$9(OLS)http://pul/number/160681 996 $6082$a344.4506$9(OLS)http://pul/classification/2042 996 $6245$aGuida al nuovo codice dei contratti pubblici :$ble novitą del D.Lgs. 18 aprile 2016, n. 50 per i settori ordinari$9(OLS)http://pul/title/192452 996 $6260$aSantarcangelo di Romagna :$bMaggioli$9(OLS)http://pul/publisher/67439 LEADER 01559namaa2200349 i 4500 001 000000178054 003 CaOOAMICUS 005 20250911171204.0 007 tu 008 250911s2003 it a 000 u ita r 040 $aPUL$bita$erda 082 0 $a226 130 0 $aBiblia.$pN.T.$pLucas.$lItaliano.$0(OLS)http://pul/title/158588 245 10$aVangelo secondo Luca. 264 4$c©2003. 264 1$aCinisello Balsamo :$bSan Paolo,$c[2003] 300 $a93 pagine :$billustrazioni colorate ;$c28 cm 336 $atesto$btxt$2rdacontent 337 $asenza mediazione$bn$2rdamedia 338 $avolume$bnc$2rdacarrier 490 1 $aLa Bibbia: nuovissima versione dai testi originali 500 $aEdizione speciale e supplemento distribuito da Famiglia Cristiana, n. 46 del 16 novembre 2003. 500 $aLe miniature sono riprodotte in facsimile dal Codice a.U.6.7, Est 136; le miniature a doppia pagina sono per gentile concessione della Biblioteca Marciana di Venezia. 830 3$aLa Bibbia : $bnuovissima versione dai testi originali.$0(OLS)http://pul/title/207700 850 $aPUL 852 $aPUL$W1$xDP1 Fondo Liberati$y125$m2 A 13$j114974$qFondi$B207047$CPULBib$Z2$F207047 $HLib278 $82 941 1 $a1 996 $6082$a226$9(OLS)http://pul/classification/421 996 $6245$aVangelo secondo Luca$9(OLS)http://pul/title/219607 996 $6264$aCinisello Balsamo :$bSan Paolo$9(OLS)http://pul/publisher/54577 996 $6264$a[S.l.] :$b[s.n.]$9(OLS)http://pul/publisher/0